000 00555nam a22001937a 4500
003 OSt
005 20151207141910.0
008 151207b xxu||||| |||| 00| 0 eng d
020 _a1853467324
040 _cDDC.
082 _a375 LAT 2001.
100 _aClare, Latham;Miles,Ann;
_96513
245 _aCommunication, Curriculum and Classroom practice.
260 _aLondon.
_bDavid Fulton Publishers.
_c2001.
300 _a116p;
_bill;
_c30cm
504 _aBibliography and index are included.
650 _aClassroom Practice.
_96514
942 _2ddc
_cSLOAN
999 _c2831
_d2831